000 00273nam a22001097a 4500
082 _a823
_bDAM/M
100 _aDAMI, ELISABETTA
245 _aTHE MOUSE ISLAND MARATHON
246 _aTHE MOUSE ISLAND MARATHON
_bTHE MOUSE ISLAND MARATHON
650 _aENGLISH STORY
942 _cBK
999 _c8877
_d8877